El error en derecho penal
Uloženo v:
| Hlavní autor: | |
|---|---|
| Médium: | Kniha |
| Jazyk: | španělština |
| Vydáno: |
Santa Fe
Rubinzal-Culzoni
2003
|
| Vydání: | 1a. ed |
| Edice: | Colección Autores de Derecho Penal
|
| Témata: | |
| Tagy: |
Přidat tag
Žádné tagy, Buďte první, kdo vytvoří štítek k tomuto záznamu!
|
MARC
| LEADER | 00000nam a2200000 a 4500 | ||
|---|---|---|---|
| 001 | UCK8889 | ||
| 003 | CL-VaPUC | ||
| 008 | 060407e20030000AG |||||||||||||||||spa|d | ||
| 020 | |a 9507275029 | ||
| 082 | 0 | 4 | |a 345 |b MUÑ |2 21 |
| 100 | |a Muñoz Conde, Francisco |e autor |9 620650 | ||
| 245 | 1 | 3 | |a El error en derecho penal |
| 250 | |a 1a. ed | ||
| 300 | |a 139 p | ||
| 942 | |c BK | ||
| 945 | |d 20060407 00:00:00 |a jtorresc | ||
| 260 | |a Santa Fe |b Rubinzal-Culzoni |c 2003 | ||
| 650 | 7 | |a DERECHO PENAL |2 CL-VaPUC |9 11 | |
| 650 | 0 | |a Normas jurídicas |9 258310 | |
| 650 | 0 | |a Derecho procesal penal |9 255496 | |
| 650 | 0 | |a Delito |9 336975 | |
| 650 | 7 | |a DOLO |2 CL-VaPUC |9 498632 | |
| 583 | |a last modification |c 20060407 00:00:00 |k Rodrigo Vera | ||
| 490 | 0 | |a Colección Autores de Derecho Penal | |
| 999 | |c 316291 |d 316289 | ||
| 952 | |0 0 |1 0 |4 0 |6 345_000000000000000_MUÑ_2003 |7 0 |8 A |9 390539 |a BIBDER |b BIBDER |d 2019-11-22 |i 4216326 |o 345 MUÑ 2003 |p 4216326 |r 2023-01-25 |w 2019-11-22 |y BK |k DER | ||